"ZÁCHRANA"

Podrobná bibliografia
Hlavný autor: Měska, Adolf, 1891-1969 (Autor)
Médium: Článok
Jazyk:slovenčina

MARC

LEADER 00000nab a2200000ua 4500
001 vtls010803164
003 SK-MaSNL
005 20260303190457.0
008 230214s xo |||||||||||||||||slo|
035 |a (urnnbn)urn:nbn:sk:snk:ar-a032ha 
035 |a (uuid)ea27ccee-4ccc-4d6c-b091-8e46422c6d13 
035 |a urn:nbn:sk:snk-ab52wv 
040 |a SNKBUCL  |b slo  |c SNKBUCL  |e AACR2 
041 0 |a slo 
044 |a xo  |c SK 
100 1 |a Měska, Adolf,  |d 1891-1969  |4 aut  |9 232213 
245 1 0 |a "ZÁCHRANA"  |c A. Měska 
773 0 |t Bratislavské lekárske listy  |g Roč. 2, č. 5 (1922-1923), s. [100] 
954 |a odborná, vedecká literatúra pôvodná (slovenská)  |2 lita 
958 |a OND 
958 |a EUIPO 
958 |a article3 
999 |c 2136455  |d 2138385